000 00983nmc a2200337 a 4500
003 AR-BaBNM
005 20251128211201.0
008 013020s2000 ||||||||||||||000 | spa||
020 _a987-9191-68-4
040 _cAR-BaBNM
245 1 0 _aCanciones, juegos, actividades con corcheas
_borganización de grupos, bandas y coros
250 _a1ª ed.
260 _aBuenos Aires
_bEdiciones Novedades Educativas
_c2000
300 0 _a80 p.
_bil., diagr.
490 0 _aRecursos didácticos
650 4 _aINSTRUMENTOS MUSICALES
650 4 _aENSENANZA DE LA MUSICA
650 4 _aCOMPOSICION MUSICAL
650 4 _aELEMENTOS MUSICALES
650 4 _aEDUCACION ARTISTICA
650 4 _aCOROS
653 0 _aEDUCACION GENERAL BASICA
653 0 _aEDUCACION PRIMARIA
700 1 _aRaspo, Edith
_ecoordinador
700 1 _aCapurro, Delia
700 1 _aCastro, María Cristina
700 1 _aZimbaldo, Ariel
700 1 _aLutzow Holm, Jorge
942 _cBK
998 _craquel
999 _c18613
_d18613